000 00750cam a22002651 4500
001 13678
003 BD-RjUL
005 20211208235508.0
008 140201s1959 nyua 001 0 eng d
035 _a(BD-RjUL)13730
035 _a(OCoLC)1493951
040 _aDLC
_cFM
_dOCoLC
_dUk
_dDLC
_dBD-RjUL
_beng
041 _aeng
082 0 0 _a621.3815
_bWAS 1959
100 1 _aWarschauer, Douglas M.
_942813
245 1 0 _aSemiconductors and transistors /
_cDouglas M, Warschauer
260 _aNew York :
_bMcGraw-Hill,
_cc1959.
300 _a267 p. :
_billus. ;
_c24 cm.
504 _aIncludes Index
650 0 _aSemiconductors.
_942814
650 0 _aTransistors.
_942815
942 _2ddc
_cBK
999 _c13678
_d13678